<?xml version="1.0" encoding="UTF-8"?>
<collection xmlns="http://www.loc.gov/MARC21/slim">
    <record>
        <controlfield tag="001">78815</controlfield>
        <controlfield tag="005">20190411131545.0</controlfield>
        <datafield tag="024" ind1="8" ind2=" ">
            <subfield code="2">sideral</subfield>
            <subfield code="a">111023</subfield>
        </datafield>
        <datafield tag="037" ind1=" " ind2=" ">
            <subfield code="a">ART-2013-111023</subfield>
        </datafield>
        <datafield tag="041" ind1=" " ind2=" ">
            <subfield code="a">spa</subfield>
        </datafield>
        <datafield tag="100" ind1=" " ind2=" ">
            <subfield code="0">(orcid)0000-0001-9062-2935</subfield>
            <subfield code="a">Ara Torralba, Juan Carlos</subfield>
            <subfield code="u">Universidad de Zaragoza</subfield>
        </datafield>
        <datafield tag="245" ind1=" " ind2=" ">
            <subfield code="a">Boixareu, Mercé y Lefère, Robin (coords.), La historia de Francia en la literatura española. Amenaza o modelo, Madrid, Castalia, 2009.</subfield>
        </datafield>
        <datafield tag="260" ind1=" " ind2=" ">
            <subfield code="c">2013</subfield>
        </datafield>
        <datafield tag="506" ind1="0" ind2=" ">
            <subfield code="a">Access copy available to the general public</subfield>
            <subfield code="f">Unrestricted</subfield>
        </datafield>
        <datafield tag="520" ind1="3" ind2=" ">
            <subfield code="a">Nace este libro como resultado de un claro designio de convertirse en summa de una materia muy determinada; y pretende, sin duda, ser suma en tanto que recopilación exhaustiva y suma en cuanto que ambición de que aquella recolecta pueda ser, a la fecha, la superior. Para ambos propósitos los coordinadores del proyecto (a su vez reverso de otro cuyos resultados vieron la luz siete años antes: Mercè Boixareu y Robin Lefère (coords.), La Historia de España en la Literatura Francesa. Una fascinación, Madrid, 2002) han conseguido agremiar a buena parte de los mejores especialistas (más filólogos que historiadores) de cada tramo histórico, cuyas aportaciones podemos leer, ordenadas según criterio cronológico, en el voluminoso libro. De este planteamiento enciclopédico se derivan los aciertos y también los reparos que la lectura del libro suscita. El más evidente de estos últimos es que la adición de estudios garantiza una suma cuantitativa (es obvio), pero no la excelencia enciclopédica que de una summa se espera (...)</subfield>
        </datafield>
        <datafield tag="540" ind1=" " ind2=" ">
            <subfield code="9">info:eu-repo/semantics/openAccess</subfield>
            <subfield code="a">by</subfield>
            <subfield code="u">http://creativecommons.org/licenses/by/3.0/es/</subfield>
        </datafield>
        <datafield tag="655" ind1=" " ind2="4">
            <subfield code="a">info:eu-repo/semantics/other</subfield>
            <subfield code="v">info:eu-repo/semantics/publishedVersion</subfield>
        </datafield>
        <datafield tag="710" ind1="2" ind2=" ">
            <subfield code="1">3002</subfield>
            <subfield code="2">583</subfield>
            <subfield code="a">Universidad de Zaragoza</subfield>
            <subfield code="b">Dpto. Filología Española</subfield>
            <subfield code="c">Área Literatura Española</subfield>
        </datafield>
        <datafield tag="773" ind1=" " ind2=" ">
            <subfield code="g">73, 244 (2013), 596 - 599</subfield>
            <subfield code="p">Hispania</subfield>
            <subfield code="t">HISPANIA-REVISTA ESPANOLA DE HISTORIA</subfield>
            <subfield code="x">0018-2141</subfield>
        </datafield>
        <datafield tag="856" ind1="4" ind2=" ">
            <subfield code="s">170965</subfield>
            <subfield code="u">http://zaguan.unizar.es/record/78815/files/texto_completo.pdf</subfield>
            <subfield code="y">Versión publicada</subfield>
        </datafield>
        <datafield tag="856" ind1="4" ind2=" ">
            <subfield code="s">73821</subfield>
            <subfield code="u">http://zaguan.unizar.es/record/78815/files/texto_completo.jpg?subformat=icon</subfield>
            <subfield code="x">icon</subfield>
            <subfield code="y">Versión publicada</subfield>
        </datafield>
        <datafield tag="909" ind1="C" ind2="O">
            <subfield code="o">oai:zaguan.unizar.es:78815</subfield>
            <subfield code="p">articulos</subfield>
            <subfield code="p">driver</subfield>
        </datafield>
        <datafield tag="951" ind1=" " ind2=" ">
            <subfield code="a">2019-04-11-12:07:10</subfield>
        </datafield>
        <datafield tag="980" ind1=" " ind2=" ">
            <subfield code="a">ARTICLE</subfield>
        </datafield>
    </record>

    
</collection>